ბათუმის შოთა რუსთაველის სახელმწიფო უნივერსიტეტის ბიბლიოთეკა

საინჟინრო გეოდეზია : 10 ნაწილად. ნაწ. 4, უმცირეს კვადრატთა მეთოდი / (ბიბ.ჩანაწერი № 37665)

000 -ლიდერი
ფიქსირებული სიგრძის საკონტროლო ველი 01093nam a2200217Ia 4500
001 - საკონტროლო ნომერი
საკონტროლო ველი 3637
003 - საკონტროლო ნომრის იდენტიფიკატორი
საკონტროლო ველი GE_BSU
005 - ბოლო ოპერაციის თარიღი და დრო
საკონტროლო ველი 20190520163519.0
008 - ფიქსირებული სიგრძის მონაცემთა ელემენტები - ზოგადი ინფორმაცია
ფიქსირებული სიგრძის საკონტროლო ველი 181216s1983||||ge |||||||||||||| ||geo||
040 ## - კატალოგიზაციის წყარო
Transcribing agency GE_BSU
041 ## - ენის კოდი
Language code of text/sound track or separate title geo
080 ## - უნივერსალური ათობითი კლასიფიკაციის ინდექსი
Universal Decimal Classification number 528.48(075.8):622.1 თ–40
100 ## - მთავარი ჩანაწერი - პიროვნების სახელი
Personal name თევზაძე,ნ.
9 (RLIN) 1425
245 ## - ცნობა სათაურის შესახებ
Title საინჟინრო გეოდეზია : 10 ნაწილად. ნაწ. 4, უმცირეს კვადრატთა მეთოდი /
Statement of responsibility, etc ნიკოლოზ თევზაძე ; გამ–ბის რედ : ლ.ბახტაძე.
264 ## - წარმოების, გამოცემის, დისტრიბუციის და სხვა ცნობები
გამოცემის, წარმოების, დისტრიბუციის... ადგილი თბილისი :
გამოცემის, წარმოების, დისტრიბუციის... სახელწოდება თბილ. უნ-ტის გამ-ბა,
გამოცემის, წარმოების, დისტრიბუციის... თარიღი 1983.
300 ## - ფიზიკური აღწერა
Extent 471 გვ .:
Other physical details ილ.
Dimensions 26 სმ.
Accompanying material დანართი : 8 დაკ. ფ.
653 ## - INDEX TERM--UNCONTROLLED
Uncontrolled term საინჟინრო გეოდეზია
653 ## - INDEX TERM--UNCONTROLLED
Uncontrolled term უმცირეს კვადრატთა მეთოდი
700 ## - ADDED ENTRY--PERSONAL NAME
Personal name ბახტაძე, ლ
Relator term გამომცემლობის რედაქტორი
9 (RLIN) 1429
942 ## - ADDED ENTRY ELEMENTS (KOHA)
Koha item type წიგნი
Source of classification or shelving scheme
ეგზემპლარები
ჩამოწერის სტატუსი დაკარგული ეგზემპლარის სტატუსი კლასიფიკაციის წყარო ან თაროზე გაწყობის სქემა დაზიანების სტატუსი არ გაიცემა მუდმივი მდებარეობა (დაცვის ადგილი) ამჟამინდელი ადგილსამყოფელი თაროზე განთავსების ადგილი შეძენის თარიღი ღირებულება, შესყიდვის ნორმალური ფასი სრული შენახვის შიფრი შტრიხკოდი ბოლო ოპერაციის თარიღი ეგზემპლარის მიმდევრობითი ნომერი (კეტერი?) ფასის ძალაში შესვლის თარიღი ეგზემპლარის სახეობა საჯარო შენიშვნა
          ტექნოლოგიური ფაკულტეტის ბიბლიოთეკა ტექნოლოგიური ფაკულტეტის ბიბლიოთეკა წიგნსაცავი 2018-12-17 3.00 528.48(075.8):622.1 თ–40 8811 2018-12-17 8811 2018-12-17 წიგნი 3 ლ. 20 თ.
          ტექნოლოგიური ფაკულტეტის ბიბლიოთეკა ტექნოლოგიური ფაკულტეტის ბიბლიოთეკა წიგნსაცავი 2018-12-17 3.00 528.48(075.8):622.1 თ–40 8812 2018-12-17 8812 2018-12-17 წიგნი 3 ლ. 20 თ.
          ტექნოლოგიური ფაკულტეტის ბიბლიოთეკა ტექნოლოგიური ფაკულტეტის ბიბლიოთეკა წიგნსაცავი 2018-12-17 3.00 528.48(075.8):622.1 თ–40 8813 2018-12-17 8813 2018-12-17 წიგნი 3 ლ. 20 თ.